Logistics and distribution planning : strategies for management
محفوظ في:
| مؤلفون آخرون: | |
|---|---|
| التنسيق: | كتاب |
| منشور في: |
London :
Kogan Page,
c1990
|
| الطبعة: | Revised edition |
| الموضوعات: | |
| الوسوم: |
إضافة وسم
لا توجد وسوم, كن أول من يضع وسما على هذه التسجيلة!
|
MARC
| LEADER | 00000nam a2200000 4500 | ||
|---|---|---|---|
| 020 | |a 1850919860 | ||
| 040 | |a MUL |b eng |e AACR | ||
| 082 | |a 658.788 LOG | ||
| 245 | |a Logistics and distribution planning : |b strategies for management |c / edited by James Cooper | ||
| 250 | |a Revised edition | ||
| 260 | |a London : |b Kogan Page, |c c1990 | ||
| 300 | |a xv, 246 p. : |b ill. , map ; |c 24 cm. | ||
| 504 | |a Includes reference and index | ||
| 650 | |a Management | ||
| 650 | |a Physical distribution of goods Management | ||
| 650 | |a Business logistics | ||
| 700 | |a Cooper, James |b ( editor ) | ||
| 942 | |c BK | ||
| 999 | |c 5811 |d 5811 | ||